| 000 | 00688nam a2200205Ia 4500 | ||
|---|---|---|---|
| 008 | 170504s9999 xx 000 0 und d | ||
| 050 | _aLB 1067 | ||
| 050 | _b.R218 2016 | ||
| 100 | _aRapirap, Cacharelle Mae R. | ||
| 245 | _aEffects of experiential learning on the acquisition of instrumental life skills of young adults with autism spectrum disorder at candent learning haus / | ||
| 245 | _cChacharelle Mae R. Rapirap. | ||
| 260 | _aLas PiƱas, Philippines : | ||
| 260 | _bSISC, | ||
| 260 | _c2016. | ||
| 300 | _a75 pages : | ||
| 300 | _billustrations ; | ||
| 300 | _c28 cm. | ||
| 500 | _aIncludes bibliographical references and appendices. | ||
| 521 | _aSpecial Education | ||
| 999 |
_c329796 _d329796 |
||